00329nam a2200133Ia 45000030006000000080041000060400015000471000014000622450070000762500011001462600009001575460012001660050017001780STCL150530s9999 xx 000 0 und d aSTCLcSTCL aKotler,P. aMarketing Management Analysis Planning Implementation and Control aEighth c1995 aEnglish20220125170608.0